[Event "ch-FRA Blitz Online Qual"]
[Site "Europe-Chess INT"]
[Date "2020.05.16"]
[Round "13"]
[White "Bressy, Theo"]
[Black "Glek, Igor"]
[Result "1-0"]
[WhiteTitle "FM"]
[BlackTitle "GM"]
[WhiteElo "2289"]
[BlackElo "2475"]
[WhiteFideId "26022842"]
[BlackFideId "4100484"]
[EventDate "2020.05.16"]

1. e4 c5 2. Nf3 a6 3. c3 e6 4. d4 d5 5. e5 Bd7 6. Bd3 cxd4 7. cxd4 Bb5 8. Bc2
Bb4+ 9. Nc3 a5 10. Bd2 Bxc3 11. Bxc3 Nc6 12. h4 Nge7 13. h5 h6 14. Rh3 Nf5 15.
g4 Nfe7 16. Qd2 Qb6 17. O-O-O O-O-O 18. Kb1 Kb8 19. g5 Rc8 20. Rg3 Qa6 21. Re1
a4 22. gxh6 gxh6 23. Rg7 Rhf8 24. Qxh6 Bd3 25. Qd2 Bxc2+ 26. Qxc2 Nf5 27. Rg4 a3
28. Qe2 Qb6 29. Rc1 Rh8 30. Ng5 Ncxd4 31. Qd2 Nb5 32. Nxf7 Rxh5 33. Rb4 axb2 34.
Bxb2 Rxc1+ 35. Qxc1 Qa5 36. a3 1-0

[Event "ch-FRA Blitz Online Qual"]
[Site "Europe-Chess INT"]
[Date "2020.05.16"]
[Round "13"]
[White "Jolly, Jean-Francois"]
[Black "Coutton, Sylvain"]
[Result "1-0"]
[WhiteTitle "IM"]
[WhiteElo "2378"]
[BlackElo "2185"]
[WhiteFideId "634751"]
[BlackFideId "610194"]
[EventDate "2020.05.16"]

1. e4 e5 2. Nf3 Nc6 3. Bc4 Bc5 4. O-O Nf6 5. d3 d6 6. a4 a5 7. c3 Ba7 8. Nbd2
O-O 9. h3 Be6 10. Qb3 Qd7 11. Re1 Rfe8 12. Nf1 d5 13. exd5 Bxd5 14. Ng5 h6 15.
Ne4 Nxe4 16. dxe4 Bxc4 17. Qxc4 Qe7 18. Be3 Bxe3 19. Nxe3 Rac8 20. Nd5 Qe6 21.
Rad1 Kh7 22. Qc5 Red8 23. Rd3 Rd6 24. Nxc7 Rxd3 25. Nxe6 fxe6 26. Qc4 Rcd8 27.
Qxe6 R8d7 28. h4 Kh8 29. h5 Kh7 30. Re3 Rxe3 31. Qxd7 Re1+ 32. Kh2 Rb1 33. Qxb7
Nd8 34. Qd5 1-0

[Event "ch-FRA Blitz Online Qual"]
[Site "Europe-Chess INT"]
[Date "2020.05.16"]
[Round "13"]
[White "Antao, Amory"]
[Black "Fantinel, Thibault"]
[Result "0-1"]
[BlackTitle "IM"]
[WhiteElo "2099"]
[BlackElo "2375"]
[WhiteFideId "36049700"]
[BlackFideId "663395"]
[EventDate "2020.05.16"]

1. Nc3 c5 2. e4 Nc6 3. f4 g6 4. Nf3 Bg7 5. Bc4 e6 6. f5 Nge7 7. fxe6 dxe6 8. O-O
O-O 9. d3 b6 10. a3 Bb7 11. Bf4 Rc8 12. Rb1 Nd4 13. Ne2 Nxf3+ 14. Rxf3 Nc6 15.
c3 Ne5 16. Bxe5 Bxe5 17. Re3 Qg5 18. Rf3 Rcd8 19. Qc2 h5 20. Rbf1 Kg7 21. d4
cxd4 22. cxd4 Bxd4+ 23. Nxd4 Rxd4 24. Qc3 Qc5 25. Bxe6 f5 26. Qxc5 bxc5 27. Rc3
Bxe4 28. Rxc5 Rd2 29. Rf2 Rd1+ 30. Rf1 Rd2 31. Rf2 Rfd8 32. b3 Rxf2 33. Kxf2
Rd2+ 34. Ke3 Rxg2 35. Bc4 Rxh2 36. Rc7+ Kf6 37. Rxa7 Rh3+ 38. Kf2 f4 39. Rf7+
Ke5 40. a4 Rh2+ 41. Kg1 Rg2+ 42. Kf1 f3 43. a5 g5 44. a6 g4 45. a7 Ra2 46. b4
Ra1+ 47. Kf2 h4 48. b5 Kd4 49. Bf1 g3+ 50. Kg1 g2 51. Rd7+ Ke3 52. Rg7 Rxf1+ 53.
Kh2 Rh1# 0-1

[Event "ch-FRA Blitz Online Qual"]
[Site "Europe-Chess INT"]
[Date "2020.05.16"]
[Round "13"]
[White "Hue, Victor"]
[Black "Navrotescu, Catalin"]
[Result "1-0"]
[BlackTitle "IM"]
[WhiteElo "2038"]
[BlackElo "2348"]
[WhiteFideId "26045710"]
[BlackFideId "1200208"]
[EventDate "2020.05.16"]

1. e4 c5 2. Nf3 Nc6 3. d4 cxd4 4. Nxd4 e5 5. Nb5 d6 6. N1c3 a6 7. Na3 b5 8. Nd5
Nf6 9. Bg5 Be7 10. Bxf6 Bxf6 11. c4 b4 12. Nc2 O-O 13. Be2 Rb8 14. b3 Bg5 15.
O-O a5 16. Bg4 Be6 17. Kh1 Qd7 18. Nde3 Bd8 19. f4 exf4 20. Rxf4 Bf6 21. Rxf6
gxf6 22. Bf5 Bxf5 23. Nxf5 Kh8 24. Qh5 Rg8 25. Rd1 Qe6 26. Qh6 Rg6 27. Qh4 Rd8
28. Rd3 Ne5 29. Rh3 h6 30. Ncd4 Qe8 31. Nxh6 Kg7 32. Nhf5+ Kf8 33. Qh8+ Rg8 34.
Qh6+ 1-0

[Event "ch-FRA Blitz Online Qual"]
[Site "Europe-Chess INT"]
[Date "2020.05.16"]
[Round "13"]
[White "Laurent-Paoli, Pierre"]
[Black "Pigeat, Alexandre"]
[Result "1-0"]
[WhiteTitle "FM"]
[BlackTitle "FM"]
[WhiteElo "2402"]
[BlackElo "2293"]
[WhiteFideId "26017962"]
[BlackFideId "20649444"]
[EventDate "2020.05.16"]

1. d4 d5 2. c4 c6 3. Nf3 Nf6 4. Nc3 dxc4 5. a4 Bf5 6. Ne5 Nbd7 7. Nxc4 e6 8. f3
Bg6 9. e4 Be7 10. Be2 O-O 11. Be3 Qc7 12. O-O Rad8 13. Qb3 a6 14. a5 c5 15. d5
exd5 16. exd5 Rfe8 17. Rfd1 Bd6 18. Nxd6 Qxd6 19. Bf2 Nh5 20. Qxb7 Ne5 21. Qb6
Nf4 22. Qxd6 Rxd6 23. Bf1 Ned3 24. Bg3 Rdd8 25. Rd2 Nxd5 26. Nxd5 Rxd5 27. Rc1
Red8 28. Rc3 h6 29. Bc7 R8d7 30. Bb6 Kf8 31. Bxd3 Bxd3 32. Bxc5+ Ke8 33. b4 Bb5
34. Re3+ Kd8 35. Rxd5 Rxd5 36. h4 g6 37. Kh2 h5 38. Kg3 Kc7 39. Bb6+ Kd7 40. Rc3
Ke6 41. Rc2 Kf5 42. Bc5 Rd7 43. Be3 Rd3 44. Rc5+ Ke6 45. Bf4 Rd4 46. Re5+ Kf6
47. Re3 Rxb4 48. Be5+ Kf5 49. Bc3 Rb3 50. Re5+ Kf6 51. Rxb5+ Rxc3 52. Rb6+ Kf5
53. Rxa6 Ra3 54. Ra7 f6 55. Ra6 Ra2 56. Kh2 Ra3 57. Kg1 Ra2 58. Kf1 Ke5 59. g3
Kf5 60. Ke1 g5 61. Kd1 Ra3 62. Ke2 Ke5 63. Ra8 gxh4 64. gxh4 Kf4 65. Rf8 Rxa5
66. Rxf6+ Kg3 67. Ke3 Re5+ 68. Kd4 Re8 69. f4 Kxh4 70. Rg6 Re1 71. f5 Kh3 72. f6
h4 73. Rg5 Rf1 74. Ke5 Kh2 75. Rf5 Re1+ 76. Kf4 Re8 77. Kg4 h3 78. f7 Rf8 79.
Rf3 Rxf7 80. Rxf7 Kg2 81. Ra7 h2 82. Ra2+ Kg1 83. Kg3 1-0

[Event "ch-FRA Blitz Online Qual"]
[Site "Europe-Chess INT"]
[Date "2020.05.16"]
[Round "13"]
[White "Bregnac, Tristan"]
[Black "Bulmaga, Irina"]
[Result "1-0"]
[BlackTitle "IM"]
[WhiteElo "2047"]
[BlackElo "2440"]
[WhiteFideId "36017825"]
[BlackFideId "13903063"]
[EventDate "2020.05.16"]

1. e4 Nf6 2. e5 Nd5 3. c4 Nb6 4. d4 d6 5. exd6 cxd6 6. Nc3 g6 7. Be3 Bg7 8. Rc1
O-O 9. b3 Bf5 10. Be2 d5 11. c5 Nc8 12. Nf3 Nc6 13. O-O Bg4 14. h3 Bxf3 15. Bxf3
e6 16. a3 N8e7 17. b4 Nf5 18. Ne2 Nh4 19. Ng3 Nxf3+ 20. gxf3 e5 21. dxe5 d4 22.
Bd2 Nxe5 23. f4 Nd3 24. Rb1 b6 25. Qf3 Nxc5 26. bxc5 bxc5 27. Ne4 c4 28. Bb4 f5
29. Nd6 c3 30. Qd5+ Kh8 31. Nf7+ Rxf7 32. Qxf7 c2 33. Rbc1 d3 34. Bd2 Qd6 35.
Rfe1 Qxa3 36. Re8+ Rxe8 37. Qxe8+ Qf8 38. Re1 h6 39. Qxg6 Qg8 40. Re8 Bf8 41.
Bc3+ 1-0

[Event "ch-FRA Blitz Online Qual"]
[Site "Europe-Chess INT"]
[Date "2020.05.16"]
[Round "13"]
[White "Degraeve, Remy"]
[Black "Defromont, Benjamin"]
[Result "0-1"]
[WhiteTitle "FM"]
[BlackTitle "FM"]
[WhiteElo "2328"]
[BlackElo "2236"]
[WhiteFideId "26024560"]
[BlackFideId "36068829"]
[EventDate "2020.05.16"]

1. d4 Nf6 2. c4 e6 3. Nc3 Bb4 4. f3 c5 5. d5 b5 6. e4 bxc4 7. Bxc4 Ba6 8. Bxa6
Nxa6 9. Nh3 O-O 10. O-O c4 11. Kh1 Qa5 12. Bd2 exd5 13. a3 Bxc3 14. Bxc3 Qb6 15.
exd5 Nc5 16. Nf4 Rfe8 17. d6 Nb3 18. Rb1 Qe3 19. Bxf6 Qxf4 20. Be7 Nd2 21. g3
Qh6 22. Rc1 Nxf1 23. Qxf1 Rab8 24. Rc2 Qe3 25. Kg2 Rb3 26. Re2 Qb6 27. Qc1 Rc8
28. Rc2 c3 29. bxc3 Rb1 30. Qd2 Rg1+ 31. Kh3 Qc5 32. Qf4 Qh5+ 33. Qh4 Qxf3 34.
Qg5 h6 35. Qe5 Rc4 36. Re2 Qg4# 0-1

[Event "ch-FRA Blitz Online Qual"]
[Site "Europe-Chess INT"]
[Date "2020.05.16"]
[Round "13"]
[White "Stephan, Victor"]
[Black "Carvallo, Henri"]
[Result "1-0"]
[WhiteTitle "IM"]
[WhiteElo "2439"]
[BlackElo "2069"]
[WhiteFideId "656666"]
[BlackFideId "619914"]
[EventDate "2020.05.16"]

1. d4 d6 2. e4 Nf6 3. Nc3 e5 4. Nge2 Nbd7 5. h3 h5 6. g3 Be7 7. Bg2 c6 8. O-O b5
9. a3 Bb7 10. Be3 Qc7 11. f4 a6 12. Qd2 O-O 13. Rad1 Rad8 14. d5 c5 15. Bf3 Bc8
16. g4 hxg4 17. hxg4 Nh7 18. g5 exf4 19. Bxf4 Ne5 20. Bg2 Bg4 21. Rde1 Ng6 22.
Be3 Qd7 23. Ng3 Ne5 24. b3 g6 25. Nd1 Rde8 26. Nf2 Qd8 27. Nxg4 Nxg4 28. Bf4
Bxg5 29. Bh3 Ne5 30. Kg2 Kg7 31. Rh1 Qe7 32. Ref1 f6 33. Be6 Rh8 34. Qf2 Bxf4
35. Qxf4 Ng5 36. Rh4 Rxh4 37. Qxh4 Rh8 38. Qf4 Nxe6 39. dxe6 Qxe6 40. Kf2 Rh2+
41. Kg1 Rh6 42. Rf2 Ng4 43. Rd2 Ne5 44. Rg2 Qh3 45. Nf5+ Kh7 46. Nxh6 Qxh6 47.
Rh2 Qxh2+ 48. Kxh2 Kg7 49. Kg3 g5 50. Qd2 Nf7 51. Qd5 Kg6 52. Qb7 f5 53. exf5+
Kf6 54. Qxa6 Kxf5 55. Qxb5 Ne5 56. a4 1-0

[Event "ch-FRA Blitz Online Qual"]
[Site "Europe-Chess INT"]
[Date "2020.05.16"]
[Round "13"]
[White "Shirazi, Kamran"]
[Black "Mathieu, Phileas"]
[Result "0-1"]
[WhiteTitle "IM"]
[WhiteElo "2355"]
[BlackElo "2214"]
[WhiteFideId "2000733"]
[BlackFideId "36048410"]
[EventDate "2020.05.16"]

1. e4 c5 2. b4 cxb4 3. a3 d5 4. exd5 Qxd5 5. Nf3 e5 6. c4 Qe6 7. d4 exd4+ 8. Be2
Qb6 9. Nxd4 Bc5 10. Be3 Nf6 11. axb4 Bxb4+ 12. Nd2 O-O 13. O-O a5 14. Nc2 Bc5
15. Rb1 Qc7 16. Nd4 Na6 17. N2b3 Bb4 18. Nc2 Rd8 19. Qc1 Bf5 20. Nxb4 Nxb4 21.
Ra1 Nc2 22. Bf4 Qe7 23. Bf3 Nxa1 24. Qxa1 Be4 25. Re1 Qb4 26. Nd2 Bxf3 27. Nxf3
Qxc4 28. Bg5 Qa6 29. h3 a4 30. Qa3 b5 31. Rb1 Rdb8 32. Rb4 h6 33. Bd2 Qd6 34.
Qa2 a3 35. Rd4 Qe6 36. Qa1 a2 37. Bc3 Rd8 38. Rb4 Qe2 39. Nd4 Qd3 40. Kh2 Qxc3
41. Qxc3 a1=Q 42. Qc5 Qa7 43. Qc6 Qb8+ 44. g3 Qd6 45. Qc3 Rac8 46. Qb2 Rc4 47.
Rxc4 bxc4 48. Nb5 Qc5 49. Nc3 Qd4 50. Qb4 Qxf2+ 51. Kh1 Qe1+ 52. Kg2 Rd2+ 53.
Kf3 Rd3+ 54. Kg2 Rxg3+ 55. Kh2 Qg1# 0-1

[Event "ch-FRA Blitz Online Qual"]
[Site "Europe-Chess INT"]
[Date "2020.05.16"]
[Round "13"]
[White "Sochacki, Wojtek"]
[Black "Bournel, Antoine"]
[Result "1-0"]
[WhiteTitle "IM"]
[WhiteElo "2320"]
[BlackElo "2238"]
[WhiteFideId "651389"]
[BlackFideId "26093553"]
[EventDate "2020.05.16"]

1. e4 c5 2. Nf3 g6 3. d4 cxd4 4. Qxd4 Nf6 5. Nc3 Nc6 6. Qa4 d6 7. e5 dxe5 8.
Nxe5 Bg7 9. Nxc6 bxc6 10. Be2 O-O 11. O-O Bd7 12. Bf3 Qb6 13. Rb1 Rab8 14. Be3
c5 15. Qc4 Rfc8 16. a3 Be6 17. Qh4 Qa5 18. Qa4 Qc7 19. Bf4 Qb6 20. Bxb8 Rxb8 21.
Rfe1 c4 22. Qc6 Qa5 23. Rxe6 fxe6 24. Qxe6+ Kh8 25. Qxc4 Qf5 26. Ne4 Rc8 27. Qd3
Nd5 28. c3 Nf4 29. Qe3 g5 30. h3 h5 31. Re1 Rf8 32. Ng3 Qg6 33. Qe4 Qb6 34. Qe3
Qf6 35. Nxh5 Nxh5 36. Bxh5 Bh6 37. Qe5 Kg7 38. Qxe7+ Kh8 39. Qxf6+ Rxf6 40. Re8+
Bf8 41. Ra8 a6 42. Be2 Kg7 43. Rxa6 Rf4 44. Ra7+ Kf6 45. Bf3 Bd6 46. Ra6 Ke7 47.
Kf1 Rf5 48. Ke2 Re5+ 49. Kd3 Rc5 50. b4 Re5 51. c4 Re1 52. c5 Be5 53. Bd5 Rd1+
54. Ke4 Bg7 55. Ra7+ Kf6 56. Rf7+ Kg6 57. Rd7 Re1+ 58. Kd3 Ra1 59. Be4+ Kh6 60.
g4 Rxa3+ 61. Kc4 Rc3+ 62. Kd5 Rxh3 63. Rd6+ Bf6 64. Rxf6+ Kg7 65. Rg6+ Kf7 66.
Rxg5 Rb3 67. Kc4 Rb2 68. f3 Ke7 69. b5 Kd7 70. Rg7+ Ke6 71. Rg6+ Ke5 72. Rg5+
Ke6 73. Bd5+ Kf6 74. Rf5+ Ke7 75. Rf7+ Ke8 76. c6 Rb1 77. Kc5 Rc1+ 78. Kd6 Re1
79. g5 Re2 80. g6 Rg2 81. g7 Rg1 82. f4 Rg6+ 83. Kc5 Rg1 84. g8=Q+ Rxg8 85. Re7+
Kxe7 86. Bxg8 Kd8 87. Bd5 Kc8 88. Kd6 Kb8 89. b6 Kc8 90. f5 Kd8 91. f6 Kc8 92.
f7 Kd8 93. f8=Q# 1-0

[Event "ch-FRA Blitz Online Qual"]
[Site "Europe-Chess INT"]
[Date "2020.05.16"]
[Round "13"]
[White "Milliet, Sophie"]
[Black "Gherghinoiu, Lucas"]
[Result "1-0"]
[WhiteTitle "IM"]
[WhiteElo "2401"]
[BlackElo "2089"]
[WhiteFideId "623725"]
[BlackFideId "36051462"]
[EventDate "2020.05.16"]

1. e4 c5 2. Nf3 e6 3. g3 Nc6 4. Bg2 d5 5. exd5 exd5 6. d4 Nf6 7. O-O Be7 8. dxc5
O-O 9. Nbd2 Bxc5 10. Nb3 Be7 11. Nbd4 h6 12. h3 Ne4 13. Be3 Bf6 14. c3 Re8 15.
Re1 Be6 16. Nxe6 Rxe6 17. Nd4 Nxd4 18. Bxd4 Bxd4 19. Qxd4 Qf6 20. Qxf6 Nxf6 21.
Rad1 Rxe1+ 22. Rxe1 Re8 23. Rxe8+ Nxe8 24. Bxd5 Nd6 25. Kf1 b6 26. Ke2 Kf8 27.
Kd3 Ke7 28. a4 f5 29. b4 g5 30. f4 Ne8 31. Kd4 Kd6 32. c4 Nf6 33. c5+ bxc5+ 34.
bxc5+ Kc7 35. Ke5 Nh5 36. fxg5 hxg5 37. Kxf5 Nxg3+ 38. Kxg5 Ne2 39. h4 Nc3 40.
Bb3 Ne4+ 41. Kg6 Nxc5 42. h5 Nd7 43. h6 Kd6 44. Kg7 Nc5 45. Ba2 Nxa4 46. h7 Kc5
47. h8=Q Kb4 48. Qa8 a5 49. Qd5 Nc3 50. Qb3+ 1-0

[Event "ch-FRA Blitz Online Qual"]
[Site "Europe-Chess INT"]
[Date "2020.05.16"]
[Round "13"]
[White "Roussel, Simon"]
[Black "Daulyte-Cornette, Deimante"]
[Result "0-1"]
[BlackTitle "IM"]
[WhiteElo "2140"]
[BlackElo "2400"]
[WhiteFideId "26025710"]
[BlackFideId "12802859"]
[EventDate "2020.05.16"]

1. e4 Nf6 2. e5 Nd5 3. c4 Nb6 4. d4 d6 5. exd6 cxd6 6. Nc3 g6 7. Be3 Bg7 8. Rc1
O-O 9. Nf3 d5 10. c5 Nc4 11. Bxc4 dxc4 12. Qe2 Be6 13. O-O Nc6 14. Rfd1 Nb4 15.
Ne1 Nd5 16. Ne4 Nxe3 17. fxe3 b6 18. Ng5 Bd5 19. e4 Bh6 20. h4 Bb7 21. Qxc4 Bxg5
22. hxg5 Bxe4 23. d5 Bf5 24. c6 Qd6 25. Nf3 Rad8 26. Rd4 Qg3 27. Rc3 Rc8 28. Qe2
Qd6 29. Qf2 Rc7 30. Nh4 Bc8 31. Nf3 Rd8 32. Re3 Qc5 33. Rd2 Rxd5 34. Rxd5 Qxd5
35. Ne5 Bf5 36. g4 Be6 37. Rf3 Rxc6 38. Nxf7 Rc1+ 39. Kh2 Bxf7 40. Rxf7 Qxf7 41.
Qd2 Rc8 42. Qd4 Qc4 43. Qe3 Qc2+ 44. Kg3 Qc7+ 45. Kh4 Qh2+ 46. Qh3 Qxh3+ 47.
Kxh3 Rc2 48. Kg3 Rxb2 49. Kf4 Rxa2 50. Ke5 Rd2 51. Ke6 a5 52. Kxe7 a4 53. Ke6 a3
54. Ke7 a2 55. Ke8 a1=Q 56. Ke7 Qe5# 0-1

[Event "ch-FRA Blitz Online Qual"]
[Site "Europe-Chess INT"]
[Date "2020.05.16"]
[Round "13"]
[White "Batsiashvili, Nino"]
[Black "Sesia, Noah"]
[Result "1-0"]
[WhiteTitle "GM"]
[WhiteElo "2457"]
[BlackElo "1822"]
[WhiteFideId "13602993"]
[BlackFideId "26066904"]
[EventDate "2020.05.16"]

1. d4 e6 2. Nf3 d5 3. Bf4 Nf6 4. e3 c5 5. Nbd2 Nc6 6. c3 Bd6 7. Bg3 b6 8. Bd3
Bb7 9. Qe2 O-O 10. Rd1 Ne7 11. Ne5 Nf5 12. f4 Be7 13. O-O Nd6 14. Bh4 Nfe4 15.
Bxe7 Qxe7 16. Nxe4 dxe4 17. Bc2 Nf5 18. Rd2 Rfd8 19. Rfd1 cxd4 20. Rxd4 Nxd4 21.
exd4 f6 22. Ng4 f5 23. Ne5 Rac8 24. a3 Bd5 25. Ba4 Qh4 26. Qe3 a6 27. Rc1 b5 28.
Bd1 h6 29. g3 Qh3 30. Be2 Rc7 31. Re1 Rb8 32. Bf1 Qh5 33. Be2 Qe8 34. h4 Rbb7
35. h5 Qe7 36. Rf1 Qf6 37. Bd1 Kh7 38. Be2 Rb8 39. Kf2 Rcc8 40. Rh1 a5 41. Rg1
b4 42. axb4 axb4 43. c4 Bb7 44. Nd7 Qf7 45. Nxb8 Rxb8 46. g4 Rc8 47. g5 Qe7 48.
Rg3 Qf7 49. g6+ 1-0

[Event "ch-FRA Blitz Online Qual"]
[Site "Europe-Chess INT"]
[Date "2020.05.16"]
[Round "13"]
[White "Choukri, Adel"]
[Black "Weisman, Nathan"]
[Result "0-1"]
[WhiteTitle "FM"]
[WhiteElo "2311"]
[BlackElo "2186"]
[WhiteFideId "9000399"]
[BlackFideId "36060895"]
[EventDate "2020.05.16"]

1. e4 c5 2. Nf3 e6 3. g3 Nc6 4. Bg2 d6 5. O-O Bd7 6. b3 Nf6 7. Re1 Be7 8. Bb2
O-O 9. d4 cxd4 10. Nxd4 a6 11. c4 e5 12. Nf5 Bxf5 13. exf5 Rc8 14. g4 h6 15. Nc3
Nd4 16. Bxb7 Nh7 17. Bxc8 Qxc8 18. Nd5 Bd8 19. Bxd4 exd4 20. Ne7+ Bxe7 21. Rxe7
Ng5 22. h4 Nh3+ 23. Kg2 Qd8 24. Kxh3 Qxe7 25. Qxd4 Re8 26. Rd1 Qe2 27. Rd2 Qf3+
28. Kh2 Re1 29. Qd5 Rh1# 0-1

[Event "ch-FRA Blitz Online Qual"]
[Site "Europe-Chess INT"]
[Date "2020.05.16"]
[Round "13"]
[White "Le Pen, Steven"]
[Black "Le Goff, Ronan"]
[Result "1/2-1/2"]
[BlackTitle "FM"]
[WhiteElo "2141"]
[BlackElo "2267"]
[WhiteFideId "612197"]
[BlackFideId "612073"]
[EventDate "2020.05.16"]

1. e4 e5 2. Nf3 Nc6 3. Bb5 a6 4. Ba4 d6 5. O-O Bd7 6. c3 g6 7. d4 Bg7 8. h3 Nf6
9. Re1 O-O 10. Nbd2 Re8 11. Bc2 b5 12. d5 Na5 13. Nf1 c6 14. dxc6 Bxc6 15. Ng3
Qc7 16. b4 Nc4 17. Bb3 Bb7 18. Bg5 h6 19. Bxf6 Bxf6 20. Qe2 Bg7 21. a4 Rec8 22.
Rac1 Qc6 23. a5 Rc7 24. Nd2 Nxd2 25. Qxd2 Rac8 26. Red1 Rd7 27. f3 Qc7 28. Nf1
Kh7 29. Ne3 Qd8 30. Bd5 Bxd5 31. Nxd5 Rc6 32. Qe3 h5 33. Nb6 Rdc7 34. Rd3 Bh6
35. Qe1 Bxc1 36. Qxc1 Rxb6 37. axb6 Rc6 38. Kh2 Rxb6 39. Qd2 Rc6 40. Rd5 Qe7 41.
g3 f6 42. h4 Kg7 43. Kg2 Qc7 44. Rd3 Kh7 45. Kh2 Kg7 46. Kg2 Qe7 47. Rd5 g5 48.
Kh2 Kg6 49. hxg5 fxg5 50. Rd3 Qf6 51. Qa2 h4 52. Qg8+ Kh6 53. Qd5 hxg3+ 54. Kxg3
Rb6 55. Rd1 Kg7 56. Qa8 g4 57. Qa7+ Kg6 58. Rf1 Rc6 59. Qa8 Rc7 60. Qg8+ Rg7 61.
Qe8+ Qf7 62. Qxf7+ Rxf7 63. Kxg4 Rc7 64. Rc1 a5 65. bxa5 b4 66. c4 Rc5 67. a6
Ra5 68. Rb1 Rxa6 69. Rxb4 Rc6 70. f4 exf4 71. Kxf4 Kf6 72. Ke3 Ke5 73. Kd3 Ke6
74. Rb5 Rc8 75. Kd4 Ra8 76. Rh5 Ra1 77. Rh6+ Kd7 78. Rh3 Ke6 79. Rh6+ Kd7 80.
Rh7+ Ke6 81. Rh6+ 1/2-1/2

[Event "ch-FRA Blitz Online Qual"]
[Site "Europe-Chess INT"]
[Date "2020.05.16"]
[Round "13"]
[White "Guezennec, Franck"]
[Black "Duquesne, Adrien"]
[Result "0-1"]
[WhiteElo "2272"]
[BlackElo "2147"]
[WhiteFideId "633550"]
[BlackFideId "20650582"]
[EventDate "2020.05.16"]

1. e4 c5 2. Nf3 d6 3. d4 cxd4 4. Nxd4 Nf6 5. Nc3 a6 6. g3 e6 7. Bg2 Be7 8. O-O
O-O 9. b3 Qc7 10. Bb2 Bd7 11. Rc1 Nc6 12. Nde2 Rfd8 13. h3 Rac8 14. f4 Be8 15.
Qe1 b5 16. a3 d5 17. e5 Nd7 18. Kh2 Qb6 19. b4 a5 20. Na2 axb4 21. Nxb4 Rc7 22.
Nxc6 Qxc6 23. Nd4 Qc4 24. f5 Nc5 25. Qe3 exf5 26. Nxf5 Ne6 27. Nxe7+ Rxe7 28.
Qb3 Rc7 29. Rfd1 d4 30. Be4 Qe2+ 31. Bg2 Bc6 32. Rg1 d3 33. cxd3 Bd5 34. Qxb5
Rb7 35. Rce1 Qf2 36. a4 Rxb5 37. axb5 Bxg2 38. Rxg2 Qxe1 39. b6 Ng5 40. h4 Nf3+
41. Kh3 h5 42. g4 Rxd3 0-1

[Event "ch-FRA Blitz Online Qual"]
[Site "Europe-Chess INT"]
[Date "2020.05.16"]
[Round "13"]
[White "Bailly, Thierry"]
[Black "Saya, Ethan"]
[Result "0-1"]
[WhiteElo "1989"]
[BlackElo "2199"]
[WhiteFideId "26051680"]
[BlackFideId "26095181"]
[EventDate "2020.05.16"]

1. e4 e6 2. d4 d5 3. exd5 exd5 4. Bd3 Nf6 5. Nf3 Bd6 6. O-O O-O 7. h3 h6 8. c3
c6 9. Re1 Re8 10. Nbd2 Nbd7 11. Nf1 Nf8 12. Bd2 Bd7 13. Qc2 Qc7 14. Bf5 Bxf5 15.
Qxf5 Qd7 16. Qe4 dxe4 17. Ne5 Bxe5 18. dxe5 Rxe5 0-1

[Event "ch-FRA Blitz Online Qual"]
[Site "Europe-Chess INT"]
[Date "2020.05.16"]
[Round "13"]
[White "Moracchini, Margaux"]
[Black "Hejazipour, Mitra"]
[Result "0-1"]
[BlackTitle "WGM"]
[WhiteElo "1933"]
[BlackElo "2300"]
[WhiteFideId "36018198"]
[BlackFideId "12505951"]
[EventDate "2020.05.16"]

1. e4 c5 2. c3 Nf6 3. e5 Nd5 4. Bc4 Nb6 5. Bb3 d5 6. exd6 Qxd6 7. Nf3 e6 8. O-O
Nc6 9. Re1 Be7 10. Na3 O-O 11. d4 cxd4 12. Nb5 Qc5 13. Nbxd4 Rd8 14. Qe2 Nxd4
15. Nxd4 Bf6 16. Be3 Qe5 17. Rad1 Bd7 18. Nf3 Qc7 19. Nd4 a6 20. Rd2 Na4 21.
Red1 Nc5 22. Bc2 e5 23. Nf5 Ne6 24. Nd6 Bc6 25. Nc4 Rxd2 26. Rxd2 g6 27. Qd1 b5
28. Nd6 Rd8 29. Ne4 Be7 30. Rxd8+ Bxd8 31. Nd6 Qd7 32. Kf1 Bc7 33. Ke1 Qxd6 34.
Qf3 Bxf3 0-1

[Event "ch-FRA Blitz Online Qual"]
[Site "Europe-Chess INT"]
[Date "2020.05.16"]
[Round "13"]
[White "Barbot, Pierre1"]
[Black "Iglesias, Christophe"]
[Result "0-1"]
[WhiteTitle "IM"]
[WhiteElo "2443"]
[BlackElo "1815"]
[WhiteFideId "663727"]
[BlackFideId "551007584"]
[EventDate "2020.05.16"]

1. e4 c6 2. d4 d5 3. e5 c5 4. c4 cxd4 5. Nf3 Nc6 6. Nxd4 e6 7. Nc3 Bb4 8. Nxc6
bxc6 9. Qg4 Ne7 10. Qxg7 Rg8 11. Qxh7 d4 12. a3 Qa5 13. Be2 dxc3 14. O-O cxb2
15. Bxb2 Bc5 16. Bf3 Bd7 17. Rad1 O-O-O 18. Bd4 Qxa3 19. Ra1 Qxf3 20. g3 Bxd4
21. Rab1 Rh8 22. Qc2 Rdg8 23. Rb3 Rxg3+ 24. hxg3 Qh1# 0-1

[Event "ch-FRA Blitz Online Qual"]
[Site "Europe-Chess INT"]
[Date "2020.05.16"]
[Round "13"]
[White "Cahen, Alexis"]
[Black "Miralles, Gilles"]
[Result "0-1"]
[BlackTitle "GM"]
[WhiteElo "2122"]
[BlackElo "2418"]
[WhiteFideId "26076918"]
[BlackFideId "600059"]
[EventDate "2020.05.16"]

1. d4 Nf6 2. Nf3 e6 3. Bf4 c5 4. e3 d5 5. Nbd2 Nc6 6. c3 Bd6 7. Ne5 Qc7 8. Ndf3
Nd7 9. Nxc6 bxc6 10. Bxd6 Qxd6 11. dxc5 Qxc5 12. Qd4 O-O 13. Qxc5 Nxc5 14. Nd4
Bd7 15. f3 a5 16. O-O-O Rab8 17. Bd3 Rb6 18. Bc2 Rfb8 19. Nb3 Na6 20. Nxa5 Rxb2
21. Nb3 Rxa2 22. Kb1 Ra4 23. Kc1 c5 24. e4 Bc6 25. Rhe1 Ra3 26. Kb2 Raxb3+ 27.
Bxb3 c4 28. Ra1 Nc5 29. Ra7 Nd3+ 30. Ka1 0-1

[Event "ch-FRA Blitz Online Qual"]
[Site "Europe-Chess INT"]
[Date "2020.05.16"]
[Round "13"]
[White "Spitz, Christophe"]
[Black "Efimov, Igor"]
[Result "0-1"]
[BlackTitle "GM"]
[WhiteElo "2137"]
[BlackElo "2409"]
[WhiteFideId "608378"]
[BlackFideId "806404"]
[EventDate "2020.05.16"]

1. e4 g6 2. f4 Bg7 3. Nf3 d5 4. e5 c5 5. c3 d4 6. Bb5+ Bd7 7. Bxd7+ Qxd7 8. d3
Nc6 9. O-O dxc3 10. bxc3 Rd8 11. d4 cxd4 12. cxd4 Nh6 13. Bb2 Nf5 14. Qa4 Nxe5
15. Qxd7+ Nxd7 16. Nbd2 Nf6 17. Rac1 Nd5 18. Rfe1 O-O 19. g4 Nd6 20. Ne5 Nxf4
21. Rc7 Nd5 22. Rc5 e6 23. h3 b6 24. Rc6 Nb4 25. Rc7 Nd3 26. Nxd3 Nb5 0-1